000 00481nam a2200157 a 4500
001 000033465
003 OSt
005 20260321073642.0
008 110830s1991 rd 000 0 spa d
040 _aDO-SdBNP
_bspa
_cBNPHU
100 1 _a Bosch, Juan,
_d1909-2001
_976555
245 1 0 _aInforme al cuarto Congreso Nacional del Partido de la Liberación Dominicana /
_cJuan Bosch.
260 _aSanto Domingo :
_bAlfa & Omega,
_c1991.
300 _a59 p. ;
_c21 cm.
942 _2ddc
_cLBS1
999 _c32956
_d32956